Länder mit Hinweisen - Statistiken

Allgemein
  • Dieses Quiz wurde 19.075 mal gespielt
  • Das Durchschnittsergebnis liegt bei 17 aus 22
Antwortstatistiken
Hinweise Land % Korrekt
Uncle Sam, Supermacht, Coca-Cola Vereinigte Staaten
99%
Bier, Bratwurst, Bach Deutschland
98%
Ahornblatt, Mounties, Elch Kanada
98%
Alpines Skifahren, Mozart, Kaffee Österreich
97%
Jogurt, Akropolis, Santorin Griechenland
95%
Ferrari, Toskana, Gnocchi Italien
95%
Manga, Shinto, Tsunami Japan
91%
Gandhi, Ganges, Cricket Indien
90%
Tequila, Chupacabra, Tenochtitlan Mexiko
89%
Fjorde, Öl, Olympische Winterspiele Norwegen
88%
Loch Ness, Stonehenge, Beckham Vereinigtes Königreich
86%
Karibisches Meer, Sprinter, Reggae Jamaika
82%
Anden, Feuerland, Osterinsel Chile
75%
Kiwis, Straße nach Mordor, All Blacks Neuseeland
72%
Kaffee, Shakira, Tejo Kolumbien
68%
Dschingis, Nomaden, Steppe Mongolei
68%
Springboks, Biltong, Afrikaans Südafrika
64%
Mesopotamien, fehlende ABC-Waffen, Kurdische Minderheiten Irak
61%
Java, Suharto, Krakatau Indonesien
54%
Datsche, Duma, Baikalsee Russland
54%
Indus-Fluss, Benazir Bhutto, K2 Pakistan
46%
Kanal, Balboa, Noriega Panama
40%
Keine übereinstimmenden Quizze gefunden
Verteilung der Resultate
Anzahl Personen mit jedem Resultat
Perzentil nach korrekt beantworteten Fragen
Ihre Resultats-Entwicklung
Sie haben dieses Quiz noch nicht gespielt